La Géographie en 10 questions #3 - Statistiques

Statistiques générales
  • Ce quiz a été pris 146 fois
    110 depuis la dernière actualisation
  • Le résultat moyen est 7 sur 10
Statistiques - réponses
Hint Réponse % Correct
Dans quel pays se trouve la ville de Naples ? Italie
99%
Quel est le plus grand océan du monde ? Pacifique
98%
Quelle est la capitale du Canada ? Ottawa
92%
Quelle chaîne de montagnes forme une frontière naturelle entre la France et l’Espagne ? Pyrénées
90%
Quel continent est traversé par l’équateur et possède le désert du Sahara ? Afrique
89%
Quel pays possède le plus de fuseaux horaires ? France
68%
Quel pays a pour capitale N’Djamena ? Tchad
44%
Quel est le plus long fleuve d’Europe ? Volga
40%
Quel est le nom de la pointe la plus méridionale de l’Amérique du Sud ? Cap Horn
30%
Quel est le plus grand lac d’eau douce en superficie du monde ? Supérieur
13%
Aucun quiz correspondant
Distribution des résultats
% des personnes avec chaque résultat
Percentile par nombre de réponses
Votre historique - résultats
Vous n’avez pas pris ce quiz depuis la dernière actualisation